| 000 | 00510nam a22001937a 4500 | ||
|---|---|---|---|
| 005 | 20231005114758.0 | ||
| 008 | 230920b |||||||| |||| 00| 0 eng d | ||
| 020 | _a9788126518333 | ||
| 082 |
_a621.38413 _bSAU |
||
| 100 | _aSaunders,Simon R | ||
| 245 | _aAntennas and Propagation for Wireless Communication Systems | ||
| 250 | _a2nd ed. | ||
| 260 |
_aIndia _bWiley _c2008 |
||
| 300 | _a524 | ||
| 500 | _aInclude Index | ||
| 650 | _aEngineering / Electronics | ||
| 700 | _aSimon R.Saunders | ||
| 999 |
_c33656 _d33656 |
||